00653nam a2200229 i 4500001001100000003000500011005001700016008004100033020001800074040002500092082001200117100001900129245001400148264006100162300004800223336002100271337002500292338002300317490002500340650003300365830002500398C2-0331290PPAK20190310102918.0150602s2015 my a|||| ||||| | eng d a9789670441399 aPPAKbengcPPAKerda04a8232230 aLeen, eauthor10aNot alone 1aSubang Jaya, Selangor : bMinda Ceria Resources , c2015 a23 pages : bcolour illustrations ; c26 cm 2rdacontentatext 2rdamediaaunmediated 2rdacarrieravolume1 aWonderland of wishes10aChildren's stories, English. 0aWonderland of wishes